Normal view
MARC view
- RIAZ ,UMAR
Entry Personal Name
001 - CONTROL NUMBER
- control field: 122322
003 - CONTROL NUMBER IDENTIFIER
- control field: NUST
005 - DATE AND TIME OF LATEST TRANSACTION
- control field: 20240416113457.0
008 - FIXED-LENGTH DATA ELEMENTS
- fixed length control field: 240416|| aca||aabn | a|a d
040 ## - CATALOGING SOURCE
- Original cataloging agency: NUST
- Transcribing agency: NUST
100 ## - HEADING--PERSONAL NAME
- Personal name: RIAZ ,UMAR
670 ## - SOURCE DATA FOUND
- Source citation: Work cat.: (NUST): RIAZ ,UMAR, Tensile Shear Testing of Double Strap Adhesive joints Using Cork Particles /
